logo

Bir Sreshtho Munshi Abdur Rouf Library
Jhenaidah Cadet College

Beginner's civics / (Record no. 9123)

MARC details
000 -LEADER
fixed length control field 00596cam a2200229u 4500
001 - CONTROL NUMBER
JCCL Control Number 9123
003 - CONTROL NUMBER IDENTIFIER
JCCL marc code BD-JhCC
005 - DATE AND TIME OF LATEST TRANSACTION
control field 20181204102953.0
008 - FIXED-LENGTH DATA ELEMENTS--GENERAL INFORMATION
fixed length control field 810428s1922 nyuak 000 0 eng
035 ## - SYSTEM CONTROL NUMBER
system control number (BD-JhCC)9123
040 ## - CATALOGING SOURCE
Original cataloging agency DLC
Transcribing agency CarP
Modifying agency DLC
-- BD-JhCC
041 ## - LANGUAGE CODE
Language code of Book eng
050 00 - LIBRARY OF CONGRESS CALL NUMBER
Classification number JK6425 1922
Item number .B5
082 ## - DEWEY DECIMAL CLASSIFICATION NUMBER
Author mark and Year RAH 1966
Classification number 330.473
100 1# - MAIN ENTRY--PERSONAL NAME
Personal name Rahman, Hafiz Habibur
245 00 - TITLE STATEMENT
Title Beginner's civics /
Statement of responsibility, etc Hafiz Habibur Rahman,
260 ## - PUBLICATION, DISTRIBUTION, ETC. (IMPRINT)
Place of publication, distribution, etc Dhaka :
Name of publisher, distributor, etc Ideal Publications,
Date of publication, distribution, etc 1966
300 ## - PHYSICAL DESCRIPTION
Pagination 256 p.
Dimensions 19 cm.
651 #0 - SUBJECT ADDED ENTRY--GEOGRAPHIC NAME
General subdivision Politics and government.
942 ## - ADDED ENTRY ELEMENTS (KOHA)
Source of classification or shelving scheme Dewey Decimal Classification
Koha item type Books
Holdings
Source of classification or shelving scheme Damaged status Not for loan Home library Current library Shelving location Total Checkouts Full call number Barcode Date last seen Copy number Koha item type
Dewey Decimal Classification     JCC Rouf Library JCC Rouf Library General Stacks   330.473 RAH 1966 12168 03/08/2018 C - 1 Books
Dewey Decimal Classification     JCC Rouf Library JCC Rouf Library General Stacks   330.473 RAH 1966 12167 03/08/2018 C - 2 Books

JCC Library | Contacts | JCC Home

Last Update on 23 September 2017
Copyright @ 2017-2020 JCC Rouf Library
Rouf Library, Jhenidah Cadet College (JCC), Bangladesh